MDQL
is popping MORE tags! Check the
thread
!
Quizzes
Events
Quiz Creation
Community
Videos
Private Events
Remove Ads
Sign In
Join for FREE
Feedback
Dark Mode
Quiz Categories
Sports
Geography
Music
Movies
Television
Just For Fun
Miscellaneous
History
Literature
Language
Science
Gaming
Entertainment
Religion
Holiday
For Kids
Quiz Lab
Recent
Popular Today
Quiz Kudos Today
Editor Picks
Curator Picks
Quizzes by...
Day
Popularity
Type
Ratings
Length
Year
Community
Subscriptions
Recent Discussions
Orange Saloon
Badges
Playlists
Quests
Create
Leaderboards
Showdown
Live 5
Trivia Bingo
Activity
Puzzle Library
Sporcle Events
Private Events
Virtual Trivia
Globe League
Become a Host
Pub Owners
SporcleCon
Opinionation
Our Games
Videos
Blog
Mobile Apps
Partnerships
Remove Ads and Go Orange
Feedback
Sports
Athletes
MLB
NBA
NHL
NFL
Soccer
Sports Teams
WWE
NCAA
Football
Premier League
Basketball
Baseball
Hockey
Golf
Tennis
Cricket
Rugby
Auto Racing
Olympics
World Cup
Sports
Athletes
MLB
NBA
NHL
NFL
Soccer
Sports Teams
WWE
NCAA
Football
Premier League
Basketball
Baseball
Hockey
Golf
Tennis
Cricket
Rugby
Auto Racing
Olympics
World Cup
Random Quiz
Search Sporcle
×
Quiz Lab
Quiz Lab
Sports
Football
Type in answers that appear in a list
Type in answers that appear in a list
Classic
Best Score? Go Orange.
2013 NFL QB and Colleges Stats
Can you name the 2013 NFL QB and Colleges
By
roxtrue
7m
32 Questions
29 Plays
29 Plays
29 Plays
Comments
Comments
Give Quiz Kudos
Give Quiz Kudos
-
- Ratings
hide this ad
Replay
Link that replays current quiz
Next Quiz
Link to next quiz in quiz playlist
You Got
0%
They Got
Avg Score
64%
Avg Friend Score
Upgrade to see
Score Distribution
Jump to the score distribution portion of the page
Score
0/32
Timer
07:00
0
Plays Today
Hint
Answer
% Correct
Kansas City Chiefs
Alex Smith
100%
Denver Broncos
Peyton Manning
79.3%
San Diego Chargers
Phillip Rivers
75.9%
Indianapolis Colts
Andrew Luck
72.4%
New England Patriots
Tom Brady
72.4%
Washington Redskins
Robert Griffin III
69%
Baltimore Ravens
Joe Flacco
69%
Green Bay Packers
Aaron Rodgers
69%
New York Giants
Eli Manning
69%
New Orleans Saints
Drew Brees
69%
Cincinnati Bengals
Andy Dalton
65.5%
Chicago Bears
Jay Cutler
65.5%
Detroit Lions
Matthew Stafford
65.5%
Dallas Cowboys
Tony Romo
65.5%
Philadelphia Eagles
Michael Vick
65.5%
Carolina Panthers
Cam Newton
65.5%
Hint
Answer
% Correct
Atlanta Falcons
Matt Ryan
65.5%
Houston Texans
Matt Schaub
62.1%
Buffalo Bills
EJ Manuel
62.1%
Miami Dolphins
Ryan Tannehill
62.1%
Pittsburgh Steelers
Ben Roethlisberger
62.1%
San Francisco 49ers
Colin Kaepernick
62.1%
Seattle Seahawks
Russell Wilson
62.1%
St. Louis Rams
Sam Bradford
62.1%
Arizona Cardinals
Carson Palmer
62.1%
Minnesota Vikings
Christian Ponder
62.1%
Tennessee Titans
Jake Locker
58.6%
New York Jets
Geno Smith
58.6%
Jacksonville Jaguars
Blaine Gabbert
55.2%
Cleveland Browns
Brandon Weeden
55.2%
Tampa Bay Buccaneers
Mike Glennon
51.7%
Oakland Raiders
Terrelle Pryor
37.9%
Quiz Playlist
Details
Report
Send in Message
Add To Playlist
Classic:
Type in answers that appear in a list
Last Updated: Feb 16, 2017
Quiz Scoreboard
CHALLENGE
Sign Up to Join the Scoreboard
Show All
Scores
Hide
Comments
May contain spoilers
Recently Published
Street Fighter Characters
by Artimus82
Gaming
60s
9x9 Crossword: Cartoon Network
by jackfrog10
Miscellaneous
3m
College Basketball Coaching Resumes
by pancakes188
Sports
9m
More to Explore
Quiz From the Vault
Featured Blog Post
Where Did the Easter Bunny Come From?
hide this ad
You Might Also Like...
Tags
Football Quiz
NFL Quiz
College Sports
Pro Sports
Quarterbacks
Today's Top Quizzes in Sports
Browse Sports
hide this ad
Today's Top Quizzes in Football
Browse Football
Top Contributed Quizzes in Sports
1
2022 World Cup Stars
2
Les meilleurs buteurs des matchs entre le PSG et l’OM
3
FIFA Club World Cup Champions
4
Les entraîneurs de l'OM et du PSG au 21e siècle
5
Criteria MLB: Left Handed Sluggers
6
2023 MLB Unique Player Accomplishments
7
AFC Teams Reveal (Wrong Answers Minefield)
8
5-to-1: FBS Animal Nicknames
9
Players with Multiple 50 Home Run Seasons
10
5-to-1: UK Sports Teams
Explore More
Trending Topics
Disney
NBA
Kpop
Anime
Harry Potter
Marvel
Crossword
Pokémon
The Office
Song
Soccer
NFL
Puzzle
Country
WWE
hide this ad
More By:
roxtrue
Quiz
Plays
Rating
Category
Featured
Created
2013 NFL QB and Colleges
29
1.00
Sports
Nov 5, 2013
Retired KU Basketball Jerseys
16
Miscellaneous
Feb 6, 2012
Go to Creator's Profile
Score Distribution
Quiz Creator Spotlight
roxtrue
Follow
Send a Message
Quizzes Created
-
Created Quiz Play Count
-
More By This Creator
Popular Quizzes Today
1
Find the US States - No Outlines Minefield
2
Find the Countries of Europe - No Outlines Minefield
3
The Countries of the World
4
Find the US States
5
Risky Map Clicking: Biggest States A-Z
6
US States
7
Popular People in 1961
8
Movies - When Are They Set?
More Sports Quizzes
NBA Top 10 Passers Minefield (2010s)
Quiz Lab
Trending Quizzes
Risky Map Clicking: Least Populous States A-Z
Countries of the World: 200 Million BC
Billboard Blitz: Aretha Franklin
1-10 Letter G Words
Famous Russians: Author or Composer?
Recently Updated
Leaping Animals
pecheneg
Reality TV Shows (A-Z)
bhenderson79
Rickey Henderson's Hall of Fame Teammates
pecheneg
Champions League XIs: Arsenal
pecheneg
Quick Pick: Celebrities in WWE's Hall of Fame
aduchscher
A-Z Keypad Blitz II
pecheneg
Multiple Oscar Actors
pecheneg
Mystery Phrase Blitz: Oscar 'Best Actors'
pecheneg
F. Scott Fitzgerald Novels
LTH
Pick 3 Villains
ddd62291
Trending Topics
Disney
Kpop
Anime
Harry Potter
NBA
Crossword
Marvel
NFL
The Office
Song
Soccer
Pokémon
Country
WWE
Puzzle
Your Account Isn't Verified!
In order to create a playlist on Sporcle, you need to verify the email address you used during registration. Go to your
Sporcle Settings
to finish the process.
Report this User
Report this user for behavior that violates our
Community Guidelines
.
Details:
Send Report
Go to the Sporcle.com Mobile Site →
Comments